[Event "OGOLNOPOLSKA OLIMPIADA MLODZIEZY<br/>MISTRZOSTWA POLSKI JUNIOROW 2016 - D12"]
[Site "Olecko"]
[Date "2016-05-07"]
[Round "8.5"]
[White "Chrobot, Patrycja"]
[Black "Adamczyk, Zuzanna"]
[Result "1/2-1/2"]
[WhiteTitle "I"]
[BlackTitle "I"]
[WhiteElo "1345"]
[BlackElo "1642"]

1. e4 c6 2. d4 d5 3. e5 Bf5 4. c3 e6 5. Nf3 Nd7 6. Be2 Bg6 7. a3 a5 8. O-O Ne7
9. Bg5 h6 10. Bxe7 Bxe7 11. Nbd2 O-O 12. b4 Qc7 13. Nb3 a4 14. Nc1 b5 15. Nd3
f5 16. exf6 Bxf6 17. Qd2 e5 18. dxe5 Nxe5 19. Ndxe5 Bxe5 20. Nxe5 Qxe5 21. Rae1
Qd6 22. Bd3 Rae8 23. Bxg6 Qxg6 24. g3 Rxe1 25. Rxe1 Re8 26. Rd1 Qe4 27. Qd4 Qxd4
28. cxd4 Re2 29. Rd3 Rb2 30. Rc3 Rb3 31. Rxc6 Rxa3 32. Rc5 Rd3 33. Rxb5 Rxd4 34.
Rb7 a3 35. Ra7 Rxb4 36. Rxa3 Kf7 37. Re3 d4 38. Rd3 Ke6 39. Kg2 Rc4 40. f3 Rc2+
41. Kg1 Kd5 42. Ra3 Rc7 1/2-1/2

[Event "OGOLNOPOLSKA OLIMPIADA MLODZIEZY<br/>MISTRZOSTWA POLSKI JUNIOROW 2016 - D12"]
[Site "Olecko"]
[Date "2016-05-07"]
[Round "8.6"]
[White "Szczypawka, Aleksandra"]
[Black "Goraj, Barbara"]
[Result "1/2-1/2"]
[WhiteTitle "I"]
[BlackTitle "I"]
[WhiteElo "1378"]
[BlackElo "1605"]

1. d4 Nf6 2. c4 g6 3. Nc3 Bg7 4. e4 d6 5. f4 O-O 6. Nf3 c6 7. e5 Ne8 8. Be2 Nd7
9. O-O c5 10. dxc5 Nxc5 11. b4 Nd7 12. Bb2 dxe5 13. fxe5 Qb6+ 14. Qd4 Qxd4+ 15.
Nxd4 Nxe5 16. Nd5 e6 17. Ne7+ Kh8 18. Nxc8 Rxc8 19. Nxe6 fxe6 20. Rxf8+ Bxf8 21.
Bxe5+ Bg7 22. Bxg7+ Kxg7 23. Rd1 Rc7 24. c5 Nf6 25. Rd6 Nd5 26. a3 Re7 27. Bc4
Nc7 28. b5 Kf6 29. a4 Ne8 30. Rd3 Rc7 31. Rf3+ Ke7 32. Re3 Ng7 33. Bd5 Rxc5 34.
Bxb7 Nf5 35. Re4 Nd6 36. Rh4 h5 37. Bc6 Rc4 38. Rxc4 Nxc4 39. Be4 g5 40. Kf2 Kd6
41. g3 Ke5 42. Bg6 h4 43. gxh4 gxh4 44. Kf3 Kd4 45. Kg2 Ne5 46. Be8 Kc5 47. Kh3
Nf3 48. Bc6 Nd4 49. Kxh4 a6 50. Kg4 axb5 51. Bxb5 Nxb5 52. axb5 Kxb5 53. Kf4 Kc6
54. h4 Kd6 55. h5 Ke7 56. Kg5 Kf7 57. Kf4 Kf6 58. Kg4 e5 59. h6 Kg6 60. h7 Kxh7
1/2-1/2

[Event "OGOLNOPOLSKA OLIMPIADA MLODZIEZY<br/>MISTRZOSTWA POLSKI JUNIOROW 2016 - D12"]
[Site "Olecko"]
[Date "2016-05-07"]
[Round "8.7"]
[White "Wawrzyniak, Weronika"]
[Black "Zarebska, Lena"]
[Result "0-1"]
[WhiteTitle "I"]
[BlackTitle "I"]
[WhiteElo "1358"]
[BlackElo "1452"]

1. d4 Nf6 2. c4 c5 3. d5 b5 4. Nd2 d6 5. e4 g6 6. f4 Bg7 7. Ngf3 O-O 8. Bd3 b4
9. O-O a5 10. a3 Na6 11. Rb1 Bd7 12. a4 Qc8 13. b3 Nh5 14. g3 Bh3 15. Rf2 Qg4
16. Qe1 Nxf4 17. Be2 f5 18. Kh1 Nxe2 19. Qxe2 fxe4 20. Nh4 Rxf2 21. Qxf2 Qd1+
22. Qg1 Qxg1+ 23. Kxg1 Bd4+ 24. Kh1 Rf8 25. Bb2 Bxb2 26. Rxb2 e3 27. Ndf3 g5 0-1

[Event "OGOLNOPOLSKA OLIMPIADA MLODZIEZY<br/>MISTRZOSTWA POLSKI JUNIOROW 2016 - D12"]
[Site "Olecko"]
[Date "2016-05-07"]
[Round "8.8"]
[White "Mirowska, Oliwia"]
[Black "Mucha, Marta"]
[Result "0-1"]
[WhiteTitle "I+"]
[BlackTitle "I"]
[WhiteElo "1244"]
[BlackElo "1425"]

1. e4 d5 2. exd5 Qxd5 3. Nc3 Qd6 4. d4 Nf6 5. Nf3 Bg4 6. h3 Bh5 7. g4 Bg6 8. Bg2
c6 9. Ne5 Nbd7 10. Bf4 Nxe5 11. dxe5 Qxd1+ 12. Rxd1 Nd7 13. Rc1 e6 14. a3 Bc5
15. Ne2 Nb6 16. c3 Nc4 17. Ra1 Nxb2 18. Nc1 Nd3+ 19. Nxd3 Bxd3 20. a4 O-O 21.
h4 f6 22. exf6 Rxf6 23. Bg3 Re8 24. g5 Rff8 25. Ra2 e5 26. Rd2 e4 27. Bf1 Bxf1
28. Rxf1 e3 29. Re2 exf2+ 30. Bxf2 Rxe2+ 31. Kxe2 Rxf2+ 32. Rxf2 Bxf2 33. Kxf2
Kf7 34. Ke3 Ke6 35. Ke4 g6 36. c4 b6 37. Kd4 Kd6 38. Kc3 Ke5 39. Kb4 Kd4 40. a5
bxa5+ 41. Kxa5 Kxc4 42. Ka6 Kd4 43. Kxa7 c5 44. Ka6 c4 45. Ka5 c3 46. Kb4 c2 47.
Kb3 c1=Q 48. Ka4 Qb2 49. Ka5 Kc5 50. Ka6 Qb6# 0-1

[Event "OGOLNOPOLSKA OLIMPIADA MLODZIEZY<br/>MISTRZOSTWA POLSKI JUNIOROW 2016 - D12"]
[Site "Olecko"]
[Date "2016-05-07"]
[Round "8.9"]
[White "Bugaj, Hanna"]
[Black "Krzyzosiak, Marta"]
[Result "1/2-1/2"]
[WhiteTitle "II"]
[BlackTitle "II"]
[WhiteElo "1417"]
[BlackElo "1345"]

1. d4 Nf6 2. e3 g6 3. Nf3 Bg7 4. Nbd2 O-O 5. Bd3 d6 6. b3 Nbd7 7. Bb2 c5 8. O-O
b6 9. Ng5 h6 10. Nge4 Bb7 11. f4 Nxe4 12. Nxe4 f5 13. Nd2 e5 14. fxe5 dxe5 15.
Bc4+ Kh7 16. c3 exd4 17. exd4 cxd4 18. cxd4 Nf6 19. Ba3 Qxd4+ 20. Kh1 Rfe8 21.
Nf3 Qxd1 22. Raxd1 Rad8 23. Bf7 Rxd1 24. Rxd1 Rc8 25. Ne5 g5 26. Bg6+ Kg8 27.
Bxf5 Re8 28. Nc4 Be4 29. Nd6 Re5 30. Bb2 Bxg2+ 31. Kxg2 Re2+ 32. Kg1 Rxb2 33.
Be6+ Kh7 34. Bf5+ Kh8 35. Nf7+ Kg8 36. Be6 Kf8 37. a4 Rc2 38. Rf1 Ke7 39. Re1
Kf8 40. Rf1 Ke7 1/2-1/2

[Event "OGOLNOPOLSKA OLIMPIADA MLODZIEZY<br/>MISTRZOSTWA POLSKI JUNIOROW 2016 - D12"]
[Site "Olecko"]
[Date "2016-05-07"]
[Round "8.10"]
[White "Mysliwiec, Natalia"]
[Black "Lukasik, Zuzanna"]
[Result "0-1"]
[WhiteTitle "I"]
[BlackTitle "II+"]
[WhiteElo "1374"]
[BlackElo "1322"]

1. e4 c5 2. Nf3 e6 3. d4 cxd4 4. Nxd4 a6 5. Bd3 Nf6 6. O-O d6 7. Qe2 Qc7 8. c4
Nc6 9. Nxc6 bxc6 10. Nc3 c5 11. b3 Bb7 12. f4 Be7 13. Bd2 O-O 14. Rf3 d5 15. e5
dxc4 16. Rh3 cxd3 17. Qxd3 Qc6 18. Rg3 Ne4 19. Nxe4 Qxe4 20. Qxe4 Bxe4 21. Rc1
Rac8 22. Rgc3 Bd5 23. Be3 Rc6 24. Bxc5 Rxc5 25. Rxc5 Bxc5+ 26. Rxc5 Ra8 27. Ra5
Bb7 28. g3 Rc8 29. h4 Rc1+ 30. Kf2 Rc2+ 31. Ke3 Rg2 32. Rc5 g6 33. Rc7 Bd5 34.
Ra7 Rxa2 35. b4 Ra3+ 36. Kd4 Rxg3 37. Rxa6 Rg4 38. Ke3 Rxh4 39. b5 Rh3+ 40. Kd4
Rb3 41. b6 Bb7 42. Ra4 Rxb6 43. Ke3 Bd5 44. Rd4 Rb3+ 45. Kf2 h5 46. Kg1 Rb2 47.
Kf1 h4 48. f5 h3 49. f6 h2 50. Rh4 h1=Q+ 51. Rxh1 Bxh1 52. Kg1 Bd5 53. Kf1 g5
54. Kg1 g4 55. Kf1 g3 56. Kg1 g2 57. Kh2 Rb1 58. Kh3 g1=Q 59. Kh4 Bf3 60. Kh3
Qg4+ 61. Kh2 Rh1# 0-1

[Event "OGOLNOPOLSKA OLIMPIADA MLODZIEZY<br/>MISTRZOSTWA POLSKI JUNIOROW 2016 - D12"]
[Site "Olecko"]
[Date "2016-05-07"]
[Round "8.11"]
[White "Trzaskowska, Hanna"]
[Black "Nowak, Roksana"]
[Result "1-0"]
[WhiteTitle "I"]
[BlackTitle "II+"]
[WhiteElo "1390"]
[BlackElo "1290"]

1. e4 e5 2. Nf3 d5 3. exd5 Bd6 4. Bc4 Nf6 5. d3 h6 6. h3 O-O 7. O-O Nbd7 8. Bb3
Nb6 9. c4 Nbd7 10. Nc3 a6 11. Ne4 Nxe4 12. dxe4 Qf6 13. Nh2 Qg6 14. Qg4 Qh7 15.
Qf5 Qxf5 16. exf5 Nf6 17. Bc2 Bd7 18. Ng4 Nxg4 19. hxg4 f6 20. Be3 b6 21. f4 Kf7
22. Rab1 exf4 23. Bxf4 Bc5+ 24. Kh2 Bd6 25. b4 Rfe8 26. c5 Bxf4+ 27. Rxf4 Rad8
28. Bb3 Kf8 29. d6 cxd6 30. cxd6 Bc6 31. Rd4 Re2 32. Rg1 b5 33. Be6 Bd7 34. Bxd7
Rxd7 35. Rc1 Re8 36. Rc7 Red8 37. Rc6 Ra8 38. Rc7 Rad8 39. Rxd7 Rxd7 40. Kg3 Ke8
41. Kf4 Kd8 42. Ke4 Kc8 43. Kd5 Ra7 44. Kc6 Rd7 45. Kb6 Kb8 46. Kxa6 Kc8 47. Kxb5
Kb7 48. a4 Kb8 49. Kc6 Kc8 50. a5 Rb7 51. d7+ Kd8 52. Kxb7 g6 53. fxg6 h5 54.
g7 hxg4 55. g8=Q+ Ke7 56. Qe8# 1-0

[Event "OGOLNOPOLSKA OLIMPIADA MLODZIEZY<br/>MISTRZOSTWA POLSKI JUNIOROW 2016 - D12"]
[Site "Olecko"]
[Date "2016-05-07"]
[Round "8.12"]
[White "Libura, Julianna"]
[Black "Dadello, Barbara"]
[Result "1/2-1/2"]
[WhiteTitle "I"]
[BlackTitle "II+"]
[WhiteElo "1266"]
[BlackElo "1495"]

1. e4 c5 2. Nf3 d6 3. d4 cxd4 4. Nxd4 Nf6 5. Nc3 a6 6. Bg5 e6 7. f4 Be7 8. Qf3
Qc7 9. O-O-O Nbd7 10. g4 b5 11. Bxf6 Nxf6 12. g5 Nd7 13. Rg1 Bb7 14. f5 e5 15.
Nb3 O-O-O 16. Nd5 Bxd5 17. Rxd5 Kb8 18. Qd1 Nc5 19. Nxc5 dxc5 20. c4 b4 21. Qa4
Kb7 22. h4 Bd6 23. Be2 Qc6 24. Qxc6+ Kxc6 25. b3 Rd7 26. Kd2 Rhd8 27. Ke3 Bc7
28. Rgd1 a5 29. Rxd7 Rxd7 30. Rxd7 Kxd7 31. Kf3 Ke7 32. Kg4 f6 33. gxf6+ Kxf6
34. h5 h6 35. Bd3 Bd6 36. Be2 Bc7 37. Bd3 Bd6 38. Be2 Bc7 39. Bd3 1/2-1/2

[Event "OGOLNOPOLSKA OLIMPIADA MLODZIEZY<br/>MISTRZOSTWA POLSKI JUNIOROW 2016 - D12"]
[Site "Olecko"]
[Date "2016-05-07"]
[Round "8.13"]
[White "Matyjasek, Michalina"]
[Black "Wojtas, Julia"]
[Result "1-0"]
[WhiteTitle "II"]
[BlackTitle "I"]
[WhiteElo "1263"]
[BlackElo "1274"]

1. d4 Nf6 2. Nf3 e6 3. Bf4 b6 4. e3 Bb7 5. Bd3 Be7 6. h3 d6 7. O-O O-O 8. c4 Nbd7
9. Nc3 Re8 10. Qe2 Bf8 11. Bg3 e5 12. dxe5 dxe5 13. Bc2 Bb4 14. Nd5 Nxd5 15. cxd5
Bxd5 16. Rfd1 Bxf3 17. Qxf3 Bd6 18. Ba4 a6 19. Bc6 Rb8 20. Qg4 Nf6 21. Qe2 Re6
22. Qxa6 Qc8 23. Qb5 e4 24. Bxd6 Rxd6 25. Rac1 Qd8 26. Qb3 Rd3 27. Qc2 Rxd1+ 28.
Rxd1 Qe7 29. Rd4 Rd8 30. Rxd8+ Qxd8 31. Bxe4 Nxe4 32. Qxe4 g6 33. Qd4 Qxd4 34.
exd4 Kf8 35. Kf1 Ke7 36. Ke2 Kd6 37. Kd3 Kd5 38. a4 c5 39. dxc5 Kxc5 40. Kc3 f5
41. b4+ Kc6 42. Kc4 g5 43. g3 h5 44. Kd4 h4 45. Ke5 g4 46. Kf4 gxh3 47. Kf3 h2
48. Kg2 hxg3 49. fxg3 h1=Q+ 50. Kxh1 Kd5 51. a5 bxa5 52. bxa5 Kc6 53. Kg2 Kb5
54. Kf3 Kxa5 55. Kf4 Kb5 56. Kxf5 Kc6 57. Kf6 Kd5 58. g4 Kd6 59. g5 1-0

[Event "OGOLNOPOLSKA OLIMPIADA MLODZIEZY<br/>MISTRZOSTWA POLSKI JUNIOROW 2016 - D12"]
[Site "Olecko"]
[Date "2016-05-07"]
[Round "8.14"]
[White "Kroliczek, Gabriela"]
[Black "Krzyzosiak, Anna"]
[Result "1-0"]
[WhiteTitle "I"]
[BlackTitle "I"]
[WhiteElo "1357"]
[BlackElo "1263"]

1. e4 c5 2. Nf3 d6 3. d4 cxd4 4. Nxd4 Nf6 5. Nc3 e6 6. Be2 Be7 7. O-O O-O 8. Kh1
a6 9. f4 b5 10. a3 Bb7 11. Bd3 Nbd7 12. f5 exf5 13. Nxf5 Nc5 14. Qe1 Qd7 15. Bh6
Ne6 16. Nd5 Nxd5 17. exd5 Bxd5 18. Nxg7 Kh8 19. Nxe6 Rg8 20. Bg7+ Rxg7 21. Nxg7
Kxg7 22. Qg3+ Kh8 23. Bf5 Qc6 24. Qh3 Kg7 25. Qxh7+ Kf6 26. Bd7+ 1-0

[Event "OGOLNOPOLSKA OLIMPIADA MLODZIEZY<br/>MISTRZOSTWA POLSKI JUNIOROW 2016 - D12"]
[Site "Olecko"]
[Date "2016-05-07"]
[Round "8.15"]
[White "Majczyna, Patrycja"]
[Black "Jedrzejko, Martyna"]
[Result "1/2-1/2"]
[WhiteTitle "II+"]
[BlackTitle "II+"]
[WhiteElo "1205"]
[BlackElo "1257"]

1. e4 d5 2. exd5 Qxd5 3. Nc3 Qa5 4. d4 Nf6 5. Nf3 Bf5 6. Bd3 Bg6 7. Bf4 Nd5 8.
Bd2 Bxd3 9. Nxd5 Qxd5 10. cxd3 e6 11. Qc2 c6 12. O-O Be7 13. Qc4 O-O 14. Rfe1
Nd7 15. Qxd5 cxd5 16. Ne5 Nf6 17. Bg5 Rfe8 18. Rac1 h6 19. Bh4 g5 20. Bg3 Rac8
21. a3 Nh5 22. h3 Nxg3 23. fxg3 f6 24. Nd7 Kf7 25. Nc5 Bxc5 26. dxc5 e5 27. g4
Rc6 28. b4 Rec8 29. Red1 b6 30. d4 e4 31. b5 R6c7 32. c6 Ra8 33. a4 a6 34. Ra1
a5 35. Rdc1 Ke6 36. Ra2 Rf8 37. Rf1 Kd6 38. Rc2 Ke6 39. Rff2 Kd6 40. Kf1 Ke6 41.
Kg1 Kd6 42. Kh2 Ke6 43. Rf5 Kd6 44. g3 Re7 45. Re2 Rc7 46. Re3 Re7 47. Kg2 Rc7
48. h4 Rg7 49. Kh3 Rc7 50. h5 Re7 51. Kg2 Rc7 52. Kf2 Re7 53. Rc3 Rc7 54. Ke3
Rff7 55. Rc1 1/2-1/2

[Event "OGOLNOPOLSKA OLIMPIADA MLODZIEZY<br/>MISTRZOSTWA POLSKI JUNIOROW 2016 - D12"]
[Site "Olecko"]
[Date "2016-05-07"]
[Round "8.16"]
[White "Chojnowska, Karolina"]
[Black "Szewczyk, Malwina"]
[Result "1/2-1/2"]
[WhiteTitle "II"]
[BlackTitle "II"]
[WhiteElo "1146"]
[BlackElo "1253"]

1. e4 e5 2. Nf3 Nc6 3. d4 exd4 4. Nxd4 Nf6 5. Nc3 Bb4 6. Nxc6 bxc6 7. Bd3 d5 8.
exd5 cxd5 9. O-O O-O 10. Bg5 c6 11. Qf3 Bd6 12. Rfe1 Rb8 13. Nd1 Be6 14. b3 h6
15. Bxf6 Qxf6 16. Qxf6 gxf6 17. Ne3 Bb4 18. Re2 Bc3 19. Rd1 Rfe8 20. Kf1 Rbd8
21. Rc1 c5 22. Nd1 Be5 23. h3 c4 24. bxc4 dxc4 25. Be4 c3 26. Bd3 Bf4 27. Ne3
Bxe3 28. Rxe3 Rb8 29. Rce1 Kf8 30. a4 Red8 31. Bb5 Rbc8 32. Rf3 f5 33. Bd3 Rd5
34. Ba6 Rcc5 35. Rd3 Rxd3 36. Bxd3 Bd7 37. Ra1 Ra5 38. Ra3 Rxa4 39. Rxa4 Bxa4
40. Bxf5 Bb5+ 41. Ke1 a5 42. Kd1 a4 43. Kc1 a3 44. Kb1 Bc4 45. Be4 Kg7 46. Bf5
Kf6 47. Be4 Ke5 48. Bf3 f5 49. Bc6 f4 50. Bf3 Kd4 51. Bc6 Kc5 52. Be4 Kb4 53.
Bf3 Bb5 54. Bd5 Be2 55. g3 fxg3 56. fxg3 Bf1 57. h4 Bh3 58. Bb3 Bg4 1/2-1/2

[Event "OGOLNOPOLSKA OLIMPIADA MLODZIEZY<br/>MISTRZOSTWA POLSKI JUNIOROW 2016 - D12"]
[Site "Olecko"]
[Date "2016-05-07"]
[Round "8.17"]
[White "Gebal, Katarzyna"]
[Black "Matusik, Zuzanna"]
[Result "1-0"]
[WhiteTitle "II"]
[BlackTitle "II"]
[WhiteElo "1252"]
[BlackElo "1060"]

1. e4 e5 2. Nf3 Nc6 3. Bc4 Bc5 4. Nc3 Nf6 5. d3 d6 6. h3 h6 7. O-O Be6 8. Bb3 Qd7
9. Be3 Bb6 10. Ba4 O-O-O 11. Bxb6 axb6 12. d4 exd4 13. Nxd4 Qe8 14. Bxc6 bxc6
15. a4 Bc4 16. Re1 c5 17. Ndb5 Kb8 18. b3 Be6 19. Qd3 Kb7 20. a5 Qd7 21. axb6
Kxb6 22. Na7 c6 23. Qa6+ Kc7 24. Nab5+ cxb5 25. Nxb5+ Qxb5 26. Qxb5 Rb8 27. Ra7+
Kc8 28. Qc6+ Kd8 29. Qc7+ Ke8 30. Qxb8+ Bc8 31. Qxc8# 1-0

[Event "OGOLNOPOLSKA OLIMPIADA MLODZIEZY<br/>MISTRZOSTWA POLSKI JUNIOROW 2016 - D12"]
[Site "Olecko"]
[Date "2016-05-07"]
[Round "8.18"]
[White "Anyz, Monika"]
[Black "Sloniewska, Alicja"]
[Result "1-0"]
[WhiteTitle "I"]
[BlackTitle "II"]
[WhiteElo "1255"]
[BlackElo "1097"]

1. e4 d5 2. d4 dxe4 3. Nc3 Nf6 4. Bg5 Bg4 5. Be2 Bxe2 6. Ngxe2 Nbd7 7. Ng3 g6 8.
Ngxe4 Bg7 9. Qd2 Nxe4 10. Nxe4 Nb6 11. O-O-O Qd5 12. Qe2 O-O-O 13. Kb1 Rde8 14.
Bf4 f5 15. Nc3 Qxg2 16. Nb5 Nd5 17. Bg3 a6 18. Na3 Nb6 19. Qe6+ Kb8 20. Qxb6 Qc6
21. Qxc6 bxc6 22. Nc4 g5 23. Be5 Bxe5 24. Nxe5 Kb7 25. Rd3 Ref8 26. Rb3+ Kc8 27.
Nxc6 Kd7 28. Ne5+ Kd6 29. Re3 Kd5 30. c4+ Kxd4 31. Rd1+ Kc5 32. Rd5+ Kb4 33. Rb3+
Ka4 34. Nc6 Rf6 35. Ra5# 1-0

[Event "OGOLNOPOLSKA OLIMPIADA MLODZIEZY<br/>MISTRZOSTWA POLSKI JUNIOROW 2016 - D12"]
[Site "Olecko"]
[Date "2016-05-07"]
[Round "8.19"]
[White "Pawlak, Emilia"]
[Black "Szewc, Dobromila"]
[Result "1-0"]
[WhiteTitle "II"]
[BlackTitle "II"]
[WhiteElo "1196"]
[BlackElo "1066"]

1. e4 e5 2. Nf3 Nc6 3. Bc4 Nf6 4. d3 Bc5 5. O-O O-O 6. Nbd2 d6 7. c3 a6 8. Bb3
Bg4 9. h3 Bh5 10. Re1 Re8 11. Nf1 d5 12. exd5 Nxd5 13. Ng3 Bg6 14. Bg5 f6 15.
Be3 Bb6 16. Nh4 Bf7 17. Ngf5 Qd7 18. Qg4 Kh8 19. Qxg7# 1-0

[Event "OGOLNOPOLSKA OLIMPIADA MLODZIEZY<br/>MISTRZOSTWA POLSKI JUNIOROW 2016 - D12"]
[Site "Olecko"]
[Date "2016-05-07"]
[Round "8.20"]
[White "Lewandowska, Weronika"]
[Black "Sokol, Maria"]
[Result "1/2-1/2"]
[WhiteTitle "I"]
[BlackTitle "II"]
[WhiteElo "1110"]
[BlackElo "1175"]

1. d4 d5 2. c4 e6 3. Nc3 Nf6 4. cxd5 exd5 5. Bg5 Be7 6. e3 O-O 7. Nf3 Bf5 8. Bd3
Bxd3 9. Qxd3 h6 10. Bf4 Nbd7 11. O-O c6 12. Rab1 a5 13. a3 b5 14. Ne5 Qc8 15.
Qc2 Qb7 16. Rfe1 Rac8 17. b4 a4 18. Nd3 Bd8 19. Nc5 Nxc5 20. dxc5 Bc7 21. Bxc7
Qxc7 22. h3 Qe7 23. Rbd1 Rfe8 24. Re2 Ne4 25. Nxe4 Qxe4 26. Qxe4 Rxe4 27. Rd4
Rce8 28. Red2 f5 29. Rxe4 Rxe4 30. Rd4 Kf7 31. Kf1 Kf6 32. Ke2 g5 33. Kd3 Ke5
34. g3 g4 35. h4 h5 36. Rxe4+ fxe4+ 37. Kc3 d4+ 38. exd4+ Kd5 39. Kc2 Kxd4 40.
Kd2 Kd5 41. Kc3 Ke5 42. Kc2 Kf5 1/2-1/2

[Event "OGOLNOPOLSKA OLIMPIADA MLODZIEZY<br/>MISTRZOSTWA POLSKI JUNIOROW 2016 - D12"]
[Site "Olecko"]
[Date "2016-05-07"]
[Round "8.21"]
[White "Szyszko, Aleksandra"]
[Black "Tomaszek, Katarzyna"]
[Result "0-1"]
[WhiteTitle "II"]
[BlackTitle "II"]
[WhiteElo "1254"]
[BlackElo "1134"]

1. e4 c6 2. d4 d5 3. Nc3 dxe4 4. Nxe4 Bf5 5. Ng3 Bg6 6. h4 h6 7. h5 Bh7 8. Nf3
Nd7 9. Bd3 Bxd3 10. Qxd3 Ngf6 11. Be3 Qc7 12. O-O-O O-O-O 13. Qe2 e6 14. c4 Bd6
15. Nf1 Rhe8 16. N1d2 b6 17. Kb1 e5 18. dxe5 Nxe5 19. Nxe5 Rxe5 20. f4 Re7 21.
Rde1 Rde8 22. Qf3 Bc5 23. Bf2 Bxf2 24. Qxf2 Rxe1+ 25. Rxe1 Rxe1+ 26. Qxe1 Qxf4
27. g3 Qf5+ 28. Kc1 Qxh5 29. Qe7 a5 30. Qf8+ Kc7 31. Qxg7 Qg6 32. Qh8 Nd7 33.
b3 f5 34. Qc3 Qf6 35. Qxf6 Nxf6 36. Nf1 Kd6 37. Kd2 Ke5 38. Kd3 Ne4 39. a3 c5
40. a4 f4 41. gxf4+ Kxf4 42. Ke2 h5 43. Nh2 h4 44. Nf1 h3 45. Ke1 Nf6 46. Kf2
Ng4+ 47. Ke2 h2 48. Nxh2 Nxh2 49. Kd3 Nf3 50. Kc3 Ke4 51. Kb2 Kd3 52. Ka3 Kc3
53. Ka2 Nd2 54. Ka3 Nxb3 55. Ka2 Kb4 56. Kb2 Kxa4 57. Kc3 Nd4 58. Kb2 Kb4 59.
Ka2 a4 60. Kb2 a3+ 61. Ka2 Nc2 62. Kb1 Kb3 0-1

[Event "OGOLNOPOLSKA OLIMPIADA MLODZIEZY<br/>MISTRZOSTWA POLSKI JUNIOROW 2016 - D12"]
[Site "Olecko"]
[Date "2016-05-07"]
[Round "8.22"]
[White "Czerwinska, Oliwia"]
[Black "Jacek, Nikola"]
[Result "1/2-1/2"]
[WhiteTitle "II"]
[BlackTitle "I"]
[WhiteElo "1203"]
[BlackElo "1233"]

1. e4 e5 2. Nf3 Nc6 3. Bc4 Nf6 4. Nc3 Nxe4 5. Bxf7+ Kxf7 6. Nxe4 Be7 7. d3 Rf8
8. h3 Kg8 9. O-O d5 10. Ng3 Qe8 11. Re1 Bf6 12. Bg5 Qf7 13. Bxf6 Qxf6 14. Qd2
Bd7 15. Nh2 Rae8 16. c3 Bf5 17. Nxf5 Qxf5 18. Qe2 Re7 19. Rf1 Rfe8 20. Qf3 Qxf3
21. Nxf3 e4 22. dxe4 dxe4 23. Nh2 e3 24. fxe3 Rxe3 25. Nf3 Re2 26. Rfe1 Na5 27.
Kf1 Rxe1+ 28. Rxe1 Rf8 29. Re7 Rf7 30. Re8+ Rf8 31. Rxf8+ Kxf8 32. Ke2 Nc4 33.
b3 Nd6 34. Kd3 Ke7 35. g4 h6 36. c4 Ke6 37. Kd4 b6 38. a3 c5+ 39. Ke3 Nf7 40.
Kf4 g5+ 41. Ke4 Nd6+ 42. Kd3 Nf7 43. Ke4 Nd6+ 44. Kd3 Nf7 45. Ke4 Nd6+ 1/2-1/2

[Event "OGOLNOPOLSKA OLIMPIADA MLODZIEZY<br/>MISTRZOSTWA POLSKI JUNIOROW 2016 - D12"]
[Site "Olecko"]
[Date "2016-05-07"]
[Round "9.1"]
[White "Wikar, Martyna"]
[Black "Pisarek, Elzbieta"]
[Result "1-0"]
[WhiteTitle "I+"]
[BlackTitle "I"]
[WhiteElo "1726"]
[BlackElo "1324"]

1. e4 e5 2. Nf3 Nf6 3. Nxe5 d6 4. Nf3 Nxe4 5. Nc3 Nf6 6. d4 d5 7. Bg5 Be7 8. Bd3
O-O 9. Qd2 Nc6 10. O-O Be6 11. Rfe1 Nd7 12. Bxe7 Nxe7 13. Ng5 Nf6 14. Nxe6 fxe6
15. Rxe6 Qd7 16. Rae1 Rfe8 17. Qg5 Nc6 18. Rxe8+ Rxe8 19. Rxe8+ Nxe8 20. Nxd5
Nxd4 21. Ne7+ Kf8 22. Nf5 Nxf5 23. Qxf5+ Qxf5 24. Bxf5 h6 25. f4 Kf7 26. Kf2 Nd6
27. Bd3 c5 28. Ke3 Ke6 29. g4 Kf6 30. h4 b6 31. g5+ hxg5 32. hxg5+ Ke6 33. b3
Nf5+ 34. Bxf5+ Kxf5 35. c4 a6 36. a4 a5 37. Kf3 Ke6 38. Ke4 g6 39. f5+ gxf5+ 40.
Kf4 Ke7 41. Kxf5 Kf7 42. g6+ Kg7 43. Kg5 Kg8 44. Kf6 Kf8 45. g7+ Kg8 46. Kg6 b5
47. cxb5 c4 48. b6 c3 49. b7 c2 50. b8=Q# 1-0

[Event "OGOLNOPOLSKA OLIMPIADA MLODZIEZY<br/>MISTRZOSTWA POLSKI JUNIOROW 2016 - D12"]
[Site "Olecko"]
[Date "2016-05-07"]
[Round "9.2"]
[White "Hertlein, Irena"]
[Black "Czarnecka, Lidia"]
[Result "1/2-1/2"]
[WhiteTitle "I"]
[BlackTitle "I"]
[WhiteElo "1397"]
[BlackElo "1512"]

1. d4 d5 2. Nf3 Nf6 3. c4 e6 4. g3 dxc4 5. Qc2 b6 6. Qxc4 Bb7 7. Bg2 Nbd7 8. O-O
Be7 9. Nc3 O-O 10. Rd1 Rc8 11. Ne5 Bxg2 12. Kxg2 c5 13. Qb5 Qc7 14. Nxd7 Qxd7
15. dxc5 Qxb5 16. Nxb5 Rxc5 17. Nc3 a6 18. Be3 Rc6 19. Rd2 b5 20. Rd3 Rfc8 21.
a3 h6 22. Bd4 Rc4 23. Nd1 Rd8 24. Bxf6 Bxf6 25. Rxd8+ Bxd8 26. Ne3 Rc7 27. Rd1
Be7 28. Rd2 Bg5 29. Kf3 Bxe3 30. Kxe3 Rc6 31. Kd3 Kf8 32. Rc2 Rd6+ 33. Kc3 a5
34. Kb3 Rd5 35. Rc6 Ke7 36. Rc7+ Rd7 37. Rxd7+ Kxd7 38. a4 Kc6 39. axb5+ Kxb5
40. Ka3 a4 1/2-1/2

[Event "OGOLNOPOLSKA OLIMPIADA MLODZIEZY<br/>MISTRZOSTWA POLSKI JUNIOROW 2016 - D12"]
[Site "Olecko"]
[Date "2016-05-07"]
[Round "9.3"]
[White "Zarebska, Lena"]
[Black "Marcinczyk, Monika"]
[Result "1-0"]
[WhiteTitle "I"]
[BlackTitle "I"]
[WhiteElo "1452"]
[BlackElo "1617"]

1. e4 e6 2. d4 d5 3. e5 c5 4. Nf3 Nc6 5. Bd3 cxd4 6. O-O Qb6 7. a3 Nge7 8. Bf4
Qxb2 9. Nbd2 Qb6 10. Nb3 Ng6 11. Bg3 Bd7 12. Re1 Be7 13. Rb1 Qc7 14. Nbxd4 Nxd4
15. Nxd4 Bxa3 16. Nb5 Bxb5 17. Bxb5+ Ke7 18. Kh1 Rhc8 19. Bd3 Kf8 20. f4 Qd7 21.
Qf3 Bc5 22. f5 Ne7 23. fxe6 Qxe6 24. Rf1 Rc7 25. Qh5 h6 26. Rxf7+ Qxf7 27. Rf1
Qxf1+ 28. Bxf1 Rc6 29. Bh4 Kg8 30. Bd3 Rf8 31. Qg4 Kh8 32. h3 Rb6 33. Qd1 a5 34.
Qa1 Nc6 35. e6 Bd4 36. Qe1 g5 37. e7 Re8 38. Bf2 Rxe7 39. Bxd4+ Kg8 40. Qa1 Nxd4
41. Qxd4 Rd6 42. Qc5 Red7 43. Qxa5 b6 44. Qa8+ Rd8 45. Qb7 R8d7 46. Qc8+ Rd8 47.
Qf5 R8d7 48. Kh2 Rf7 49. Qc8+ Kg7 50. Bf5 Kf6 51. Bg4 Kg6 52. Qg8+ Kf6 53. Qh8+
Kg6 54. Qe8 Kf6 55. Bh5 Rfd7 56. Qf8+ Ke5 57. Qh8+ Rf6 58. Qe8+ Kd6 59. Bg4 Re7
60. Qd8+ Kc6 61. Qxe7 Rd6 62. Bf3 Kc5 63. Kg3 b5 64. h4 gxh4+ 65. Kxh4 b4 66.
g4 Kc6 67. g5 hxg5+ 68. Kxg5 Kc5 69. Kf5 1-0

[Event "OGOLNOPOLSKA OLIMPIADA MLODZIEZY<br/>MISTRZOSTWA POLSKI JUNIOROW 2016 - D12"]
[Site "Olecko"]
[Date "2016-05-07"]
[Round "9.4"]
[White "Mucha, Marta"]
[Black "Slusarczyk, Milena"]
[Result "1-0"]
[WhiteTitle "I"]
[BlackTitle "I"]
[WhiteElo "1425"]
[BlackElo "1372"]

1. e4 c5 2. c3 d5 3. exd5 Qxd5 4. d4 e5 5. dxe5 Qxd1+ 6. Kxd1 Nc6 7. Nf3 Bg4 8.
Be2 O-O-O 9. Bd2 Bxf3 10. Bxf3 Nxe5 11. Be2 Nf6 12. f3 Nd5 13. Kc2 c4 14. f4 Nd3
15. Bg4+ Kb8 16. Rf1 Bc5 17. Bf3 Rhe8 18. g3 f5 19. Na3 Bxa3 20. bxa3 Ne3+ 21.
Bxe3 Rxe3 22. Rab1 Rd7 23. a4 g6 24. a5 a6 25. a4 Kc8 26. Rbd1 Kc7 27. Rb1 Kc8
28. Rbd1 Kb8 29. Rb1 Kc8 30. Rbd1 Kc7 31. Rb1 Kc8 32. Rbd1 Nc5 33. Rd4 Rxd4 34.
cxd4 Nxa4 35. Ra1 Rxf3 36. Rxa4 Rf2+ 37. Kc3 Rxh2 38. Kxc4 Rc2+ 39. Kd5 Kd7 40.
Rb4 Rc7 41. Rb6 Kc8 42. Rd6 Rd7 43. Ke5 Rxd6 44. Kxd6 Kd8 45. d5 h6 46. Ke6 Ke8
47. Kf6 Kd7 48. Kxg6 Kd6 49. Kxf5 Kxd5 50. Kg6 Ke4 51. f5 Ke5 52. f6 Ke6 53. f7
Ke7 54. Kg7 1-0

[Event "OGOLNOPOLSKA OLIMPIADA MLODZIEZY<br/>MISTRZOSTWA POLSKI JUNIOROW 2016 - D12"]
[Site "Olecko"]
[Date "2016-05-07"]
[Round "9.5"]
[White "Lukasik, Zuzanna"]
[Black "Dylag, Emilia"]
[Result "0-1"]
[WhiteTitle "II+"]
[BlackTitle "I"]
[WhiteElo "1322"]
[BlackElo "1768"]

1. e4 c6 2. d4 d5 3. Nc3 dxe4 4. Nxe4 Nf6 5. Ng5 Qc7 6. c3 Bf5 7. Bd3 Bxd3 8. Qxd3
e6 9. Ne2 Nbd7 10. Qc2 Bd6 11. Nf3 h6 12. Bd2 O-O-O 13. b4 e5 14. dxe5 Nxe5 15.
Nxe5 Bxe5 16. f4 Bd6 17. O-O Rhe8 18. Rae1 Qb6+ 19. Nd4 Kb8 20. Be3 Ng4 21. Qc1
Nxe3 22. Rxe3 Bxb4 23. Rxe8 Rxe8 24. Kh1 Bf8 25. Qc2 Qc5 26. Qb3 Qd5 27. Qc2 Qe4
28. Qc1 Qd5 29. Qc2 Bc5 30. Nb3 Qc4 31. Nd2 Qe2 32. Qd1 Qxd1 33. Rxd1 Rd8 34.
g3 Be3 35. Re1 Bxd2 36. Rd1 Kc7 37. c4 Bc3 38. Rc1 Bf6 39. Kg2 Rd2+ 40. Kh3 Rxa2
41. g4 Ra3+ 42. Kg2 Rc3 43. Rxc3 Bxc3 44. Kf3 a5 45. Ke3 a4 46. Kd3 Bf6 47. Kc2
b5 48. cxb5 cxb5 49. Kb1 b4 50. Ka2 b3+ 51. Kb1 a3 52. h3 a2+ 53. f5 0-1